000
00290nam a22001337a 4500
008
230413b ||||| |||| 00| 0 eng d
041
_a
eng
080
_a
72
082
_a
72ASC
100
_a
20
101
_a
NDERTIM
245
_a
WATER TRETMENT PLANT DESIGN
_c
ASCE A C
942
_2
udc
_c
BK
999
_c
59531
_d
59531